Evaluación en la educación superior

Gorde:
Xehetasun bibliografikoak
Formatua: Liburua
Hizkuntza:gaztelania
Argitaratua: Valparaíso Universidad Católica de Valparaíso 1994
Gaiak:
Etiketak: Etiketa erantsi
Etiketarik gabe, Izan zaitez lehena erregistro honi etiketa jartzen!

MARC

LEADER 00000nam a2200000 a 4500
001 UCY2697
003 CL-VaPUC
005 20210303001338.0
008 941111e19940000cl 1 spa d
082 0 4 |a 378.16  |b EVA  |2 21 
245 1 0 |a Evaluación en la educación superior 
260 |a Valparaíso  |b Universidad Católica de Valparaíso  |c 1994 
300 |a 141 p 
583 |a last modification  |c 20170727 04:35:19  |k Rodrigo Vera 
650 0 0 |a Evaluación de la educación   |9 237505 
650 0 0 |a Educación superior   |9 223851 
942 |c BK 
945 |a rbrito  |d 19941111 00:00:00 
546 |a En Español 
536 |a Universidad Católica de Valparaíso 
518 |p Jornadas de evaluación en la educación superior, 7, Valparaíso, 1994 
999 |c 382313  |d 382311 
952 |0 0  |1 0  |4 0  |6 378_160000000000000_EVA_1994  |7 0  |8 P  |9 503931  |a BIBEDU  |b BIBEDU  |c BIBEDU_PB  |d 2020-01-23  |i 3030695  |o 378.16 EVA 1994  |p 3030695  |r 2020-01-23  |w 2020-01-23  |y BK  |k EDU 
952 |0 0  |1 0  |4 0  |6 378_160000000000000_EVA_1994  |7 0  |8 P  |9 503932  |a BIBEDU  |b BIBEDU  |c BIBEDU_PB  |d 2020-01-23  |i 3030709  |o 378.16 EVA 1994  |p 3030709  |r 2020-01-23  |w 2020-01-23  |y BK  |k EDU